Footballers who not played with Neymar Jr - Statistics

General Stats
  • This quiz has been taken 89 times
  • The average score is 2 of 11
Answers on the Grid
Answers color-coded by a green-red scale on the quiz's grid according to % correct below.
Malcom
Lucas Digne
Arouca
Lucas Moura
Ailton
Ronaldinho
Serge Aurier
Gonçalo Ramos
Pará
Ganso
Philippe Coutinho
Roberto Brum
Cristian Tello
Xavi Simons
Marc Bartra
Jesé Rodríguez
Sergej Milinković-Savić
Willian Pacho
Kléber Pereira
Walter Montillo
Layvin Kurzawa
Mauro Icardi
Arthur Melo
Arturo Vidal
Alexandre Letellier
Víctor Valdés
Ethan Mbappé
Kevin Trapp
Marcin Bułka
Warren Zaïre-Emery
 
Answer Stats
Answer % Correct
Gonçalo Ramos
35%
Ronaldinho
35%
Ethan Mbappé
33%
Xavi Simons
29%
Sergej Milinković-Savić
23%
Serge Aurier
17%
Jesé Rodríguez
15%
Víctor Valdés
15%
Arturo Vidal
10%
Kevin Trapp
6%
Alexandre Letellier
2%
No matching quizzes found
Score Distribution
Percent of People with Each Score
Percentile by Number Answered
Your Score History
You have not taken this quiz